AC/DC- Thunderstruck - Statistics

General Stats
  • This quiz has been taken 115 times
  • The average score is 16 of 23
Answer Stats
Answer % Correct
{Thunder}, ah
91%
{Thunder}, ah
91%
{Thunder}, ah
91%
{Thunder}, ah
91%
{Thunder}, ah
91%
{Thunder}, ah
91%
{Thunder}, ah
91%
{Thunder}, ah
91%
{Thunder}, ah
91%
{Thunder}, ah
91%
I looked 'roundAnd I knew there was no turning {back} (Thunder)
90%
I was shaking at the knees could I come again please?{Yow}
90%
{Thunderstruck}, {thunderstruck}Yeah-yeah-yeah, {thunderstruck} {Thunderstruck} yeah, yeah, yeah {said}
90%
{Yeah}, it's alright we're doing fine {Yeah}, it's alright we're doing fine, so fine
90%
You've been-{thunderstruck}, {thunderstruck}Yeah, yeah yeah, {thunderstruck} {Oh}, {thunderstruck} {Yeah}
90%
You've been - {thunderstruck}
61%
I was caught In the middle of a {railroad} (Thunder)
57%
{And} I knew There was no help, no help from you (Thunder)
52%
My {mind} raced And I {thought} what could I do? (Thunder)
15%
Sound of the {drums} beating in my heartThe thunder of {guns} Tore me apart
15%
Went down the {highway}Broke the {limit}, we hit the town went through to {Texas} Yeah, {Texas}, and we had some fun we met some girls some dancers who gave a good time Broke all the rules {played} all the fools Yeah-yeah, they, they, blew our {minds}
6%
{Thunderstruck}, yeah-yeah-yeah{Thunderstruck} {thunderstruck}, {thunderstruck} whoa, baby, baby (Thunderstruck) You've been {thunderstruck}, {thunderstruck} {Thunderstruck} {thunderstruck} You've been {thunderstruck}
1%
I was shaking at the knees could I come again {please}?{Yeah}, the ladies were too kind
0%
No matching quizzes found
Score Distribution
Percent of People with Each Score
Percentile by Number Answered
Your Score History
You have not taken this quiz